000 00350nam a2200133Ia 4500
008 220204s9999 xx 000 0 und d
020 _a0195216008
082 _a330(5-11)
_bSTI
100 _aStiglitz, Joseph E
245 0 _aRethinking the East Asia miracle
260 _aWashington, D.C
_bWorld Bank
_c2001
700 _aYusuf, Shahid
942 _cBK
999 _c41998
_d41998